000
00273nam a2200121Ia 4500
008
190216s9999||||xx |||||||||||||| ||und||
100
_a
Dewett K K
245
0
_a
Modern Economic Theory
260
_b
S Chand & Co
_c
1982
300
_a
741p
650
_a
Economics
942
_c
BK
999
_c
9237
_d
9237